000 00262nam a2200097Ia 4500
082 _aJ 690 SPIL
245 0 _aAt the construction site
100 _a Spilsbury, Richard, Chicago, Ill., [c.2009]
942 _cBK
008 210817s9999 xx 000 0 und d
999 _c368099
_d368098